000 00370nam a2200133Ia 4500
001 3069
008 241024s9999 xx 000 0 und d
082 _aRD/379/P12i
100 _aRepública Dominicana. Pacto Educativo
245 0 _aIdeas centrales para documento del Pacto Educativo
260 _bSanto Domingo
_c2013
901 _a24/7/2013 12:03:47 p.m.
999 _c8265
_d8265